| 000 | 00580nam a2200181 a 4500 | ||
|---|---|---|---|
| 005 | 20210223125733.0 | ||
| 008 | 051026s1999 mx r 000 0 spa d | ||
| 020 | _a9681103963 | ||
| 035 | _aUPN01000140834 | ||
| 049 | _aCG | ||
| 050 | 4 |
_aPQ7797 B6.35 _bB6.7 |
|
| 245 | 0 | 0 |
_aBorges y México / _ccomp., pról., notas y bibliogr. de Miguel Capistrán. |
| 260 |
_aMéxico : _bPlaza & Janés, _cc1999. |
||
| 300 | _a424 p. | ||
| 600 | 1 | 4 |
_aBORGES, JORGE LUIS, _d1899-1986 - _xCRITICA E INTERPRETACION _95546 |
| 700 | 1 |
_aCapistrán, Miguel, _d1939-2012 _ecomp. _930633 |
|
| 905 | _aLibro | ||
| 999 |
_c112982 _d112982 |
||